MARC
|
|
|
|
| LEADER |
00000nam0a2200000 4500 |
| 001 |
156467 |
| 005 |
20231031153156.0 |
| 035 |
|
|
|a (RuTPU)RU\TPU\book\169708
|
| 090 |
|
|
|a 156467
|
| 100 |
|
|
|a 20090326d1954 m y0rusy50 ca
|
| 101 |
0 |
|
|a rus
|
| 102 |
|
|
|a GE
|
| 105 |
|
|
|a y z 001zy
|
| 200 |
1 |
|
|a Верхний мел Грузии
|f А. Л. Цагарели
|g Институт геологии и минералогии
|
| 210 |
|
|
|a Тбилиси
|c Изд-в Академии наук Груз. ССР
|d 1954
|
| 215 |
|
|
|a 462 с.
|
| 320 |
|
|
|a Библиогр.: с. 445-457.
|
| 610 |
1 |
|
|a Грузия
|
| 610 |
1 |
|
|a меловые отложения
|
| 610 |
1 |
|
|a стратиграфия
|
| 675 |
|
|
|a 551.763
|v 3
|
| 700 |
|
1 |
|a Цагарели
|b А. Л.
|
| 712 |
0 |
2 |
|a Институт геологии и минералогии
|
| 801 |
|
1 |
|a RU
|b 63413507
|c 20090326
|g PSBO
|
| 801 |
|
2 |
|a RU
|b 63413507
|c 20091102
|g RCR
|
| 942 |
|
|
|c BK
|